[Event "Karelia-ch"]
[Site "Petrozavodsk"]
[Date "2014.02.21"]
[Round "6"]
[White "Stebunov, Alexander A"]
[Black "Ivanov, Vladimir V"]
[Result "1-0"]
[WhiteElo "1977"]
[BlackElo "1945"]
[PlyCount "77"]
[EventDate "2014.02.18"]
[EventType "swiss"]
[EventRounds "9"]
[EventCountry "RUS"]
[SourceTitle "EXT 2016"]
[Source "ChessBase"]
[SourceDate "2015.10.08"]
[SourceVersion "1"]
[SourceVersionDate "2015.10.08"]
[SourceQuality "1"]

1. e4 d6 2. d4 Nf6 3. Nc3 g6 4. f4 Bg7 5. Nf3 c6 6. e5 Nd5 7. Ne4 Bf5 8. Ng3 Qc8 9. Nxf5 Qxf5 10. Bd3 Qg4 11. g3 Nd7 12. Bd2 Nc7 13. Qe2 0-0-0 14. 0-0-0 h6 15. h3 Qe6 16. Kb1 c5 17. g4 Nf8 18. dxc5 dxc5 19. Bc4 Nd5 20. Ba5 b6 21. Qe4 f5 22. gxf5 gxf5 23. Qd3 bxa5 24. Bxd5 Qb6 25. Bb7+ Kxb7 26. Qxd8 Qxd8 27. Rxd8 Ng6 28. Rxh8 Bxh8 29. Rg1 Nxf4 30. Rg8 Bxe5 31. Nxe5 Nxh3 32. Rh8 Ng5 33. Rxh6 Kc7 34. Rc6+ Kd8 35. Rxc5 e6 36. Rxa5 Ke7 37. Rxa7+ Kf6 38. Nd3 Nf3 39. Ra6 1-0

[Event "Karelia-ch"]
[Site "Petrozavodsk"]
[Date "2014.02.18"]
[Round "1"]
[White "Ivanov, Vladimir V"]
[Black "Osmolny, Vladimir I"]
[Result "1-0"]
[WhiteElo "1945"]
[BlackElo "2177"]
[PlyCount "91"]
[EventDate "2014.02.18"]
[EventType "swiss"]
[EventRounds "9"]
[EventCountry "RUS"]
[SourceTitle "EXT 2016"]
[Source "ChessBase"]
[SourceDate "2015.10.08"]
[SourceVersion "1"]
[SourceVersionDate "2015.10.08"]
[SourceQuality "1"]

1. Nf3 c5 2. b3 Nc6 3. Bb2 d5 4. e3 Bg4 5. h3 Bh5 6. c4 d4 7. exd4 cxd4 8. d3 e5 9. Nbd2 Bd6 10. a3 a5 11. Be2 Bg6 12. Qc2 Nf6 13. Nh4 0-0 14. Bf3 Rc8 15. 0-0 Re8 16. Rae1 Qd7 17. g4 Rc7 18. Bc1 Nd8 19. Kg2 Ne6 20. Nxg6 hxg6 21. Ne4 Nxe4 22. Bxe4 Qe7 23. a4 g5 24. Bd5 f6 25. f4 Bb4 26. f5 Bxe1 27. Bxe6+ Kh7 28. Rxe1 Qc5 29. Qf2 g6 30. fxg6+ Kg7 31. Bd5 Rd7 32. Be4 Rh8 33. Rf1 Qb6 34. c5 Qe6 35. Qf3 Rc7 36. Ba3 Rd8 37. Bxb7 Kxg6 38. Be4+ Kg7 39. c6 f5 40. Qxf5 Qxf5 41. Rxf5 Kh6 42. Rxe5 Rf7 43. Re6+ Kg7 44. Rg6+ Kh8 45. Rxg5 Rb8 46. Rxa5 1-0

[Event "Petrozavodsk Karelian Autumn"]
[Site "Petrozavodsk"]
[Date "2013.10.13"]
[Round "2"]
[White "Sivikhin, Denis O"]
[Black "Ivanov, Vladimir V"]
[Result "0-1"]
[WhiteElo "1737"]
[BlackElo "1968"]
[PlyCount "82"]
[EventDate "2013.10.12"]
[EventType "swiss"]
[EventRounds "9"]
[EventCountry "RUS"]
[SourceTitle "EXT 2014"]
[Source "ChessBase"]
[SourceDate "2013.11.20"]
[SourceVersion "1"]
[SourceVersionDate "2013.11.20"]
[SourceQuality "1"]

1. e4 d6 2. d3 g6 3. Nf3 Bg7 4. g3 c5 5. Bg2 Nc6 6. c3 e5 7. 0-0 Nge7 8. Bg5 0-0 9. Nbd2 Be6 10. Qe2 h6 11. Bxe7 Qxe7 12. Rfd1 Qd7 13. Nf1 b5 14. Ne3 Rab8 15. Nc2 Bg4 16. Qe3 f5 17. exf5 gxf5 18. Re1 b4 19. Nh4 bxc3 20. Bd5+ Kh7 21. bxc3 Ne7 22. Bg2 Rb2 23. Na3 Bf6 24. Nc4 Rc2 25. f3 Bg5 26. f4 exf4 27. Qe6 Qxe6 28. Rxe6 fxg3 29. hxg3 f4 30. Rxd6 fxg3 31. Be4+ Kg7 32. Ng6 Rf6 33. Nxe7 Rxd6 34. Nf5+ Bxf5 35. Bxf5 Rf6 36. Bh3 Rxc3 37. Rd1 Rf2 38. a4 Rh2 39. Bg4 Rxc4 40. dxc4 Be3+ 41. Kf1 g2+ 0-1

[Event "Petrozavodsk Karelian Autumn"]
[Site "Petrozavodsk"]
[Date "2013.10.12"]
[Round "1"]
[White "Ivanov, Vladimir V"]
[Black "Yaakkimainen, Vyaino R"]
[Result "0-1"]
[WhiteElo "1968"]
[BlackElo "2155"]
[PlyCount "90"]
[EventDate "2013.10.12"]
[EventType "swiss"]
[EventRounds "9"]
[EventCountry "RUS"]
[SourceTitle "EXT 2014"]
[Source "ChessBase"]
[SourceDate "2013.11.20"]
[SourceVersion "1"]
[SourceVersionDate "2013.11.20"]
[SourceQuality "1"]

1. e4 e5 2. Nf3 d6 3. Bc4 f5 4. Bxg8 Rxg8 5. d3 Nc6 6. Nc3 f4 7. d4 Bg4 8. d5 Nd4 9. Qd3 Nxf3+ 10. gxf3 Bd7 11. Bd2 Be7 12. 0-0-0 Bh4 13. Qe2 Rf8 14. Rhg1 Rf7 15. Be1 Kf8 16. Qc4 a6 17. Qb3 Qb8 18. Rd3 Qa7 19. Nd1 b5 20. Rg2 a5 21. c3 Be7 22. Qc2 g5 23. Rg1 h5 24. Qe2 Rg7 25. Rd2 g4 26. Qd3 Kf7 27. Rg2 Rag8 28. Rc2 Qb8 29. a3 a4 30. fxg4 hxg4 31. c4 Rh8 32. Nc3 b4 33. Nb5 b3 34. Rc3 f3 35. Rg3 Rxh2 36. Qf1 Rgh7 37. Kd1 Qb6 38. Qg1 Bxb5 39. Rxg4 Qd4+ 40. Kc1 Rh1 41. Rxf3+ Bf6 42. Rxf6+ Kxf6 43. Rg6+ Kf7 44. Rg7+ Rxg7 45. Qxh1 Qxc4+ 0-1